000 01033nam a22003137a 4500
001 BR0101940
003 BR-BrBNA
005 20230928100811.0
007 ta
008 230509b bl.||||| |||| 00| 0 por d
040 _aBR-BrBNA
_bpor
_cBiblioteca Nacional de Agricultura
041 _a(Por)
072 _aQ70; F04
_b3240
090 _ 3240 BR0101940
100 1 _aFaria, L.C. de
110 1 _aEscola Superior de Agricultura Luiz de Queiroz, Piracicaba, SP (Brasil)
_0Tese (Mestre em Ciencias)
245 1 _aFertilizacao de povoamentos de eucalipto com o biossolido da Ete de Barueri, SP: demanda potencial e nivel minimo de resposta
260 3 _aPiracicaba, SP (Brasil):
_c2000.
300 _a85 p.
500 _aSummaries (Eng, Por); Bibliography p. 76-83; 10 illus.; 19 tables
650 _aEucalipto
650 _aTratamento de Esgoto
650 _aLodo Residual
650 _aAdubo Organico
650 _aFertilidade do Solo
650 _aSao Paulo
909 _a202309
_bLucia
_c55
_dLucia Elande
942 _cBK
999 _c62859
_d62859